[Event "Cto de Aragon  Equipos Cat Preferente"]
[Site "Aragon"]
[Date "2010.01.23"]
[Round "1.1"]
[White "Villuendas Valero Adrian"]
[Black "Garza Marco Sergio"]
[Result "0-1"]
[WhiteElo "2184"]
[BlackElo "2418"]

1.d4 d6 2.e4 Nf6 3.Nc3 g6 4.Nf3 Bg7 5.Be2 O-O 6.O-O c6 7.Be3 Nbd7 8.Qd2 b5 9.
a3 Qc7 10.h3 a6 11.Nh2 c5 12.Bf3 cxd4 13.Bxd4 Ne5 14.Bxe5 dxe5 15.Ng4 Nxg4 16.
hxg4 e6 17.Rad1 Bb7 18.Qe3 Rfd8 19.Be2 Rd4 20.Bd3 Rad8 21.Ne2 R4d6 22.Ra1 Bc6
23.g5 R8d7 24.Kh2 Qd8 25.Nc3 Bf8 26.Qg3 Be7 27.Kg1 Bxg5 28.Qxe5 Bb7 29.Qg3 Bh4
30.Qf4 Rc7 31.Qe3 Rd4 32.Ne2 Rdd7 33.a4 b4 34.Nc1 Rc8 35.Nb3 Qc7 36.a5 Bf6 37.
Ra4 Bxb2 38.Rxb4 Ba3 39.Rb6 Rd6 40.Qg3 Qe7 41.Rxd6 Bxd6 42.e5 Bb4 43.Qe3 Qc7
44.Be4 Bxe4 45.Qxe4 Bc3 46.Qd3 Ra8 47.Qe4 Ra7 48.f4 Bxa5 49.Qa4 Bb6+ 50.Kh2
Qxc2 51.Qb4 Qc7 52.Rc1 Qd8 53.Kh3 Rd7 54.Rc6 Bf2 55.g3 Rd3 56.Kg2 Qd5+ 57.Kf1
Qh1+ 0-1

[Event "Cto de Aragon  Equipos Cat Preferente"]
[Site "Aragon"]
[Date "2010.01.23"]
[Round "1.2"]
[White "Fontana Sotomayour Luis Javier"]
[Black "Cantin Zaborras Valentin"]
[Result "1-0"]
[WhiteElo "2353"]
[BlackElo "2117"]

1.e4 d5 2.Nc3 dxe4 3.Nxe4 Bf5 4.Ng3 Bg6 5.Bc4 e6 6.Nf3 Nd7 7.O-O Bd6 8.Re1
Ngf6 9.d4 O-O 10.Ne5 c5 11.Nxg6 hxg6 12.dxc5 Bxc5 13.Qe2 Qb6 14.c3 Rac8 15.Bd3
a5 16.a3 a4 17.Bc2 Ra8 18.Rb1 Rfd8 19.Bg5 Ra5 20.Rbd1 Rc8 21.Bc1 Qc7 22.Ne4
Nxe4 23.Qxe4 Nf6 24.Qf3 Bd6 25.g3 Rh5 26.Bxa4 Rf5 27.Qe2 Bc5 28.Rf1 Nd5 29.Bc2
Rh5 30.c4 Nf6 31.b3 e5 32.Bb2 Re8 33.Rfe1 Qc8 34.Qf3 Qh3 35.Qg2 Ng4 36.Qxh3
Rxh3 37.Bd4 Bxd4 38.Rxd4 Nxh2 39.Kg2 Rh5 40.Bd1 Rh6 41.Rd5 e4 42.Rh1 Nf3 43.
Rxh6 gxh6 44.Bxf3 exf3+ 45.Kxf3 Re7 46.c5 f5 47.b4 Kf7 48.Rd6 h5 49.a4 g5 50.
Rb6 h4 51.gxh4 1-0

[Event "Cto de Aragon  Equipos Cat Preferente"]
[Site "Aragon"]
[Date "2010.01.23"]
[Round "1.3"]
[White "Valiente Roy Jose Javier"]
[Black "Ramiro Ovejero Juan Luis"]
[Result "0-1"]
[WhiteElo "2060"]
[BlackElo "2346"]

1.Nf3 Nf6 2.c4 c5 3.e3 g6 4.a3 Bg7 5.b4 O-O 6.bxc5 Ne4 7.d4 Nxc5 8.Ra2 Ne4 9.
Qb3 Nc6 10.Bd3 f5 11.O-O Na5 12.Qc2 b6 13.Bd2 Nxd2 14.Nbxd2 Ba6 15.Nb3 Nb7 16.
c5 Bxd3 17.Qxd3 bxc5 18.dxc5 Qc7 19.Rc2 Rfd8 20.h4 e6 21.Qd2 Rac8 22.Rfc1 Qc6
23.Qb4 Rb8 24.Qc4 Rdc8 25.Nfd4 Qe4 26.g3 Nd6 27.Qa4 Nf7 28.Qxd7 Bxd4 29.Nxd4
Rd8 30.Qe7 Re8 31.Qxa7 g5 32.h5 f4 33.c6 fxg3 34.c7 Rbc8 35.Qc5 Qh4 36.f4 gxf4
37.exf4 Qxf4 38.Nb5 Ng5 39.Rf1 Nf3+ 40.Kg2 Rf8 41.Qe7 Nh4+ 42.Kh3 Qxf1+ 43.
Kxh4 Rf4+ 44.Kg5 Rf5+ 45.Kh4 Qf4+ 46.Kh3 Rxh5+ 47.Kg2 Rh2+ 48.Kg1 Qe3+ 49.Kf1
Qf3+ 0-1

[Event "Cto de Aragon  Equipos Cat Preferente"]
[Site "Aragon"]
[Date "2010.01.23"]
[Round "1.4"]
[White "Cortes Lizano Jesus"]
[Black "Colom Sienes Eduardo"]
[Result "1-0"]
[WhiteElo "2182"]
[BlackElo "1984"]

1.c4 e5 2.Nc3 Nc6 3.g3 Nf6 4.Bg2 Be7 5.Nf3 O-O 6.O-O d6 7.d4 Bf5 8.a3 Qd7 9.
dxe5 dxe5 10.Qxd7 Nxd7 11.Nd5 Bd6 12.Be3 Na5 13.Nd2 c6 14.b4 cxd5 15.cxd5 Bc7
16.Rfc1 Bb6 17.bxa5 Bxa5 18.Nc4 b6 19.h3 Nf6 20.Nxa5 bxa5 21.Rc5 a4 22.d6 Be4
23.Rxe5 Bxg2 24.Kxg2 Rfd8 25.Rd1 Rac8 26.Ra5 Ne4 27.Rxa7 Rxd6 28.Rxd6 Nxd6 29.
Rxa4 h6 30.Rd4 Nb5 31.Rd3 Rc2 32.a4 Nc3 33.Rd8+ Kh7 34.Rc8 1-0

[Event "Cto de Aragon  Equipos Cat Preferente"]
[Site "Aragon"]
[Date "2010.01.23"]
[Round "1.5"]
[White "Adla Diego Gustavo"]
[Black "Cebrian Valverde Jose Antonio"]
[Result "1-0"]
[WhiteElo "2506"]
[BlackElo "2189"]

1.d4 Nf6 2.c4 c5 3.d5 b5 4.cxb5 a6 5.f3 g6 6.e4 d6 7.Na3 Bg7 8.Ne2 O-O 9.Nc3
Nfd7 10.Be2 axb5 11.Naxb5 Ba6 12.O-O Nb6 13.Bg5 N8d7 14.Qd2 Ne5 15.b3 c4 16.
Nd4 Re8 17.Be3 cxb3 18.axb3 Bxe2 19.Ncxe2 Nbd7 20.Rab1 Nc5 21.b4 Nc4 22.Qc1
Nxe3 23.Qxe3 Na4 24.Rfc1 Qb6 25.Rc6 Qb7 26.b5 Nc5 27.b6 Reb8 28.Rxc5 dxc5 29.
Nc6 Rc8 30.Qxc5 Bf8 31.Qb5 Ra2 32.Nc1 Ra6 33.Nd3 e6 34.Na5 Rxa5 35.Qxa5 exd5
36.Qxd5 Qb8 37.Ne5 Rc7 38.Nd7 Qb7 39.Nxf8 1-0

[Event "Cto de Aragon  Equipos Cat Preferente"]
[Site "Aragon"]
[Date "2010.01.23"]
[Round "1.6"]
[White "Gimeno Oteo Marco Antonio"]
[Black "Glavina Rossi Pablo"]
[Result "1/2-1/2"]
[WhiteElo "2142"]
[BlackElo "2478"]

1.e4 e5 2.f4 Bc5 3.Nf3 d6 4.c3 Nf6 5.d4 exd4 6.cxd4 Bb6 7.Nc3 O-O 8.Be2 Nc6 9.
O-O Re8 10.Kh1 Nxe4 11.Nxe4 Rxe4 12.Bd3 Rxd4 13.Nxd4 Bxd4 14.Qe2 Bd7 15.Be3
Qf6 16.Bxd4 Qxd4 1/2-1/2

[Event "Cto de Aragon  Equipos Cat Preferente"]
[Site "Aragon"]
[Date "2010.01.23"]
[Round "1.7"]
[White "Lopez Gracia Fernando"]
[Black "Gutierrez Minguenza Ruben"]
[Result "1-0"]
[WhiteElo "2303"]
[BlackElo "2063"]

1.c4 Nf6 2.g3 c5 3.Bg2 Nc6 4.Nc3 e5 5.Nf3 d5 6.cxd5 Nxd5 7.Nxe5 Nxc3 8.Nxc6
Nxd1 9.Nxd8 Nxf2 10.Nxf7 Kxf7 11.O-O Be7 12.Rxf2+ Bf6 13.b3 Ke7 14.Rb1 Rb8 15.
Ba3 b6 16.b4 cxb4 17.Bxb4+ Kd7 18.Rc1 Rd8 19.Bc3 Ke7 20.Bxf6+ gxf6 21.e3 Be6
22.d4 b5 23.Rc7+ Rd7 24.Rc6 a5 25.Rxe6+ Kxe6 26.Bh3+ Ke7 27.Bxd7 Kxd7 28.Rxf6
b4 29.Kf2 a4 30.Ke2 b3 31.axb3 axb3 32.Rf1 Kc6 33.Rb1 Rb4 34.Kd3 1-0

[Event "Cto de Aragon  Equipos Cat Preferente"]
[Site "Aragon"]
[Date "2010.01.23"]
[Round "1.8"]
[White "Palomar Ramon Santiago"]
[Black "Moreno Gracia Daniel"]
[Result "0-1"]
[WhiteElo "2042"]
[BlackElo "2246"]

1.e4 c5 2.Nf3 d6 3.d4 Nf6 4.Nc3 cxd4 5.Nxd4 a6 6.f4 e5 7.Nf3 Nbd7 8.Bd3 b5 9.
a3 Bb7 10.Qe2 Be7 11.O-O O-O 12.Kh1 Re8 13.fxe5 Nxe5 14.Nxe5 dxe5 15.Bg5 Nd7
16.Bxe7 Qxe7 17.a4 b4 18.Nd5 Bxd5 19.exd5 Nc5 20.Bc4 Qd6 21.b3 Rf8 22.Rae1
Rae8 23.Qh5 g6 24.Qh6 f5 25.g4 f4 26.h4 e4 27.h5 Re7 28.Qg5 Re5 29.Qh6 Re7 30.
Qg5 Kg7 31.h6+ Kh8 32.Re2 Re5 33.Qh4 g5 34.Qe1 a5 35.Qa1 e3 36.Rxe3 Re8 37.Re2
Kg8 38.Rfe1 Nd7 39.Kg1 f3 40.Rxe5 Rxe5 41.Rxe5 Nxe5 42.Qc1 Qb6+ 43.Kf1 Qxh6
44.Qe3 Qh1+ 45.Qg1 Qxg1+ 46.Kxg1 Nxg4 47.d6+ Kf8 48.Be6 h5 49.Bd7 Ne5 50.Bb5
g4 0-1

[Event "Cto de Aragon  Equipos Cat Preferente"]
[Site "Aragon"]
[Date "2010.01.23"]
[Round "1.9"]
[White "Martinez Asensio Juan Miguel"]
[Black "Remiro Juste Fernando Jose"]
[Result "1/2-1/2"]
[WhiteElo "2140"]
[BlackElo "2306"]

1.e4 c5 2.Nf3 Nc6 3.d4 cxd4 4.Nxd4 e5 5.Nb5 d6 6.Bd3 Be6 7.c4 Be7 8.N1c3 a6 9.
Na3 Bg5 10.Nc2 Bxc1 11.Rxc1 Nge7 12.Ne3 O-O 13.O-O Qa5 14.Qh5 Nd4 15.Nf5 Bxf5
16.exf5 g6 17.fxg6 fxg6 18.Qg5 Qd8 19.c5 Nec6 20.Qxd8 Raxd8 21.cxd6 Rxd6 22.
Bc4+ Kg7 23.Ne4 Rdd8 24.Rfe1 Rc8 25.Nc5 Rc7 26.Kf1 Re8 27.a3 Na5 28.Bd5 Rec8
29.Nd3 Rxc1 30.Rxc1 Rxc1+ 31.Nxc1 Kf6 32.b4 Nac6 33.Nb3 Nxb3 34.Bxb3 b6 35.Ke1
Nd4 36.Bc4 a5 37.bxa5 bxa5 38.Kd2 Ke7 39.Kc3 Kd6 40.f4 Nc6 41.fxe5+ Nxe5 42.
Be2 Kc5 43.g3 g5 44.h3 h6 45.h4 Nc6 46.hxg5 hxg5 47.Bf3 Nd4 48.Bg4 a4 49.Bd7
Ne2+ 50.Kd3 Nxg3 51.Bxa4 Nf5 1/2-1/2

[Event "Cto de Aragon  Equipos Cat Preferente"]
[Site "Aragon"]
[Date "2010.01.23"]
[Round "1.10"]
[White "Delgado Salcedo Eduardo"]
[Black "Dominguez Bujeda Jesus"]
[Result "1-0"]
[WhiteElo "2227"]
[BlackElo "2111"]

1.c4 e6 2.d4 d5 3.Nc3 Nf6 4.Bg5 Be7 5.e3 O-O 6.Bd3 Nbd7 7.Nge2 dxc4 8.Bxc4 a6
9.a4 c5 10.O-O cxd4 11.exd4 Nb6 12.Bb3 Bd7 13.Nf4 Bc6 14.Re1 Nbd5 15.Nd3 Qa5
16.Ne5 Rfd8 17.Bd2 Bb4 18.Rc1 Qb6 19.Bg5 Be7 20.Nc4 Qc7 21.Ne5 Qd6 22.Bxf6
Nxf6 23.Nxf7 Kxf7 24.Rxe6 Qxe6 25.Bxe6+ Kxe6 26.Qb3+ Rd5 27.Re1+ Kd7 28.Nxd5
Bxd5 29.Qh3+ Kd8 30.Rc1 Ke8 31.g4 h6 32.f4 Be6 33.f5 Bd5 34.Qg3 Rd8 35.h4 Bd6
36.Qe3+ Kd7 37.g5 Re8 38.Qh3 Bf4 39.gxf6 Bxc1 40.fxg7 Ke7 41.f6+ Kxf6 42.Qf1+
Kxg7 43.Qxc1 Kg6 44.Qc5 Bc6 45.d5 Bxa4 46.Qc7 Rf8 47.Qe7 Re8 48.Qd6+ Kf5 49.
Qxh6 Ke5 50.Qg5+ Kd6 51.h5 Re5 52.Qd8+ Bd7 53.h6 Re8 54.Qxe8 1-0

[Event "Cto de Aragon  Equipos Cat Preferente"]
[Site "Aragon"]
[Date "2010.01.23"]
[Round "1.11"]
[White "Martin Catalan Juan Vicente"]
[Black "Barros Gutierrez Angel Luis"]
[Result "1/2-1/2"]
[WhiteElo "2107"]
[BlackElo "2185"]

1.c4 c6 2.Nf3 d5 3.d4 e6 4.e3 Nf6 5.Nc3 Nbd7 6.Bd3 dxc4 7.Bxc4 b5 8.Be2 Be7 9.
O-O O-O 10.a3 Bb7 11.b4 a5 12.Rb1 axb4 13.axb4 Nb6 14.Ne5 Nfd5 15.Bd2 Nxb4 16.
Nxb5 N4d5 17.Nc3 c5 18.Nxd5 Bxd5 19.dxc5 Bxc5 20.Bb4 Bxb4 21.Rxb4 Qd6 22.Qd4
Nd7 23.Nxd7 Qxd7 24.e4 Bc6 25.Qxd7 Bxd7 26.Rd1 Bc6 27.Rc1 Ra2 28.Bc4 Ra4 29.
Rxa4 Bxa4 30.Ba6 g5 31.f3 Kg7 32.Rc8 Rxc8 33.Bxc8 1/2-1/2

[Event "Cto de Aragon  Equipos Cat Preferente"]
[Site "Aragon"]
[Date "2010.01.23"]
[Round "1.12"]
[White "Valiente Gimenez Jose Luis"]
[Black "Barcena Laguia Francisco"]
[Result "1-0"]
[WhiteElo "2128"]
[BlackElo "1966"]

1.d4 Nf6 2.Bg5 d5 3.Bxf6 gxf6 4.e3 Bf5 5.c4 c6 6.Nc3 e6 7.Nf3 Bg7 8.Nh4 Bg6 9.
Nxg6 hxg6 10.Bd3 f5 11.Qc2 Nd7 12.cxd5 cxd5 13.Rc1 a6 14.a4 Rc8 15.Qe2 Nf6 16.
f3 Nh5 17.Qf2 f4 18.exf4 Nxf4 19.Bb1 Qb6 20.Rd1 Qd6 21.g3 Nh3 22.Qd2 Rc4 23.
Ne2 Rxa4 24.b3 Rb4 25.Rc1 Kd7 26.Bc2 Rc8 27.Kf1 Qb6 28.Kg2 Rh8 29.Rhd1 e5 30.
Re1 Bh6 31.f4 exf4 32.gxf4 Nxf4+ 33.Nxf4 Rxd4 34.Qe2 Bxf4 35.Bf5+ 1-0

[Event "Cto de Aragon  Equipos Cat Preferente"]
[Site "Aragon"]
[Date "2010.01.23"]
[Round "1.13"]
[White "Baron Rodriguez Jesus"]
[Black "Gil Capape MA"]
[Result "1-0"]
[WhiteElo "2436"]
[BlackElo "2155"]

1.e4 c5 2.Nf3 d6 3.d4 cxd4 4.Nxd4 Nf6 5.Nc3 a6 6.Bg5 e6 7.f4 Nc6 8.Qd2 Be7 9.
O-O-O Qc7 10.Kb1 Bd7 11.Nb3 b5 12.Bxf6 gxf6 13.Bxb5 axb5 14.Nxb5 Qb8 15.Nxd6+
Bxd6 16.Qxd6 Qxd6 17.Rxd6 O-O-O 18.Rhd1 Kc7 19.Nc5 Bc8 20.Rxd8 Rxd8 21.Rxd8
Nxd8 22.Kc1 Nb7 23.Nd3 Nd6 24.e5 fxe5 25.fxe5 Ne4 26.c4 Ba6 27.b3 f6 28.exf6
Nxf6 29.Kd2 Kd6 30.a4 Ne4+ 31.Ke3 Nc5 32.Nxc5 Kxc5 33.g4 Kb4 34.g5 Kxb3 35.c5
Kxa4 36.h4 Bb5 37.h5 Be8 38.g6 hxg6 39.h6 1-0

[Event "Cto de Aragon  Equipos Cat Preferente"]
[Site "Aragon"]
[Date "2010.01.23"]
[Round "1.14"]
[White "Vera Aranjuelo Jesus Maria"]
[Black "Forcen Esteban Daniel"]
[Result "1/2-1/2"]
[WhiteElo "2111"]
[BlackElo "2267"]

1.d4 Nf6 2.Nf3 g6 3.Bf4 Bg7 4.e3 O-O 5.Be2 d6 6.h3 Nbd7 7.O-O Ne4 8.Bh2 e5 9.
c3 Qe7 10.Nbd2 Nxd2 11.Nxd2 f5 12.Rc1 Kh8 13.dxe5 dxe5 14.Qc2 Nb6 15.c4 Be6
16.c5 Nd5 17.a3 f4 18.exf4 Nxf4 19.Bxf4 exf4 20.Rfe1 Qf6 21.b4 Bf5 22.Bd3 Bxd3
23.Qxd3 Rad8 24.Qc2 Rfe8 25.Nf3 h5 26.h4 Qf5 27.Qa4 Rxe1+ 28.Rxe1 Qd7 29.Qxa7
Qb5 30.Re6 Bf8 31.c6 Rd1+ 32.Re1 Rxe1+ 33.Nxe1 Qxc6 34.Qd4+ Bg7 35.Qd8+ Kh7
36.Nf3 Bf6 37.Qf8 Qd6 38.Qf7+ Kh6 39.b5 Qe7 40.Qd5 b6 41.Qg8 Qxa3 42.Ng5 Qa1+
43.Kh2 Bxg5 44.Qf8+ Kh7 45.hxg5 Qg7 46.Qxf4 Qd7 47.g3 Kg8 48.Qf6 Qf7 49.Qd8+
Kg7 50.Qd4+ Kg8 51.Qd8+ Qf8 52.Qd5+ Qf7 53.Qd8+ 1/2-1/2

[Event "Cto de Aragon  Equipos Cat Preferente"]
[Site "Aragon"]
[Date "2010.01.23"]
[Round "1.15"]
[White "Antolin Concha Diego"]
[Black "Alonso Fernandez Revuelta Rodri"]
[Result "1-0"]
[WhiteElo "2191"]
[BlackElo "2088"]

1.d4 d5 2.c4 c6 3.Nf3 Nf6 4.Nc3 dxc4 5.a4 Na6 6.Ne5 Bf5 7.f3 Nd7 8.Nxc4 e5 9.
e4 exd4 10.Qxd4 Be6 11.Bf4 Nb4 12.O-O-O Nc5 13.Qe3 Qf6 14.Bg5 Nb3+ 15.Kb1 Bc5
16.Bxf6 Bxe3 17.Bxg7 Rg8 18.Nxe3 Rxg7 19.g4 Rd8 20.Rxd8+ Kxd8 21.Be2 Nd2+ 22.
Kc1 Nb3+ 23.Kd1 f6 24.Ke1 Rd7 25.Bc4 Nd3+ 26.Bxd3 Rxd3 27.Ncd1 Rd4 28.h4 Rxa4
29.g5 Ke7 30.Nf5+ Bxf5 31.exf5 Rf4 32.g6 Rxf5 33.h5 hxg6 34.h6 1-0

[Event "Cto de Aragon  Equipos Cat Preferente"]
[Site "Aragon"]
[Date "2010.01.23"]
[Round "1.16"]
[White "Galvez Perez Jose Luis"]
[Black "Glaria Murillo Christian"]
[Result "1/2-1/2"]
[WhiteElo "2005"]
[BlackElo "2181"]

1.c4 g6 2.g3 Bg7 3.Bg2 c5 4.Nc3 Nc6 5.Nf3 d6 6.O-O e5 7.Ne1 Nge7 8.Nc2 O-O 9.
Rb1 Be6 10.d3 d5 11.b3 Rc8 12.e4 dxc4 13.bxc4 b6 14.Nd5 Kh8 15.a4 Qd7 16.Nce3
f5 17.Nxe7 Nxe7 18.a5 bxa5 19.Ba3 f4 20.Nd5 g5 21.Re1 g4 22.Rb5 f3 23.Bf1 Nc6
24.Bxc5 Rfe8 25.Be3 Rb8 26.Rxb8 Rxb8 27.Qa4 Qb7 28.Bc5 Bd7 29.Qa3 Qb3 30.Ra1
Qxa3 31.Rxa3 Kg8 32.Ne7+ Nxe7 33.Bxe7 a4 34.h3 h5 35.hxg4 hxg4 36.Bc5 Rb3 37.
Ra1 a6 38.Bd6 Kf7 39.c5 Ke8 40.d4 exd4 41.e5 d3 42.Rd1 Bb5 43.c6 Bxc6 44.Bxd3
1/2-1/2

[Event "Cto de Aragon  Equipos Cat Preferente"]
[Site "Aragon"]
[Date "2010.01.23"]
[Round "1.17"]
[White "Malo Guillen Jose Luis"]
[Black "Chueca Forcen Alberto"]
[Result "1-0"]
[WhiteElo "2162"]
[BlackElo "2276"]

1.d4 c5 2.c3 d5 3.Nf3 cxd4 4.cxd4 Nc6 5.Nc3 Nf6 6.Bf4 a6 7.e3 g6 8.Ne5 Bg7 9.
Qa4 O-O 10.Nxc6 bxc6 11.Qxc6 Ra7 12.Qa4 Nh5 13.Be5 f6 14.Bg3 Nxg3 15.hxg3 e5
16.dxe5 fxe5 17.Nxd5 Be6 18.Rd1 Raf7 19.Nc3 Qb6 20.Rd2 Rxf2 21.Rxf2 Qxe3+ 22.
Re2 Qxg3+ 23.Kd2 Rd8+ 24.Kc1 Qg5+ 25.Kb1 Bf5+ 26.Re4 Qe3 27.Be2 h5 28.Ka1 Bxe4
29.Qxe4 Qb6 30.Bc4+ Kh8 31.Nd5 Qd6 32.Bb3 a5 33.Rd1 Rb8 34.Bc2 a4 35.Bxa4 Qc5
36.Bb3 Qf2 37.Ne7 Bf6 38.Nxg6+ Kg7 39.Nxe5 Qg3 40.Rd7+ Kf8 41.Rf7+ Ke8 42.Qc6+
1-0

[Event "Cto de Aragon  Equipos Cat Preferente"]
[Site "Aragon"]
[Date "2010.01.23"]
[Round "1.18"]
[White "Palacios Latasa Elias"]
[Black "Alonso Blasco Jose Miguel"]
[Result "1/2-1/2"]
[WhiteElo "2205"]
[BlackElo "2114"]

1.e4 c6 2.Nc3 d5 3.Qf3 dxe4 4.Nxe4 Nf6 5.Bc4 Nbd7 6.d4 Nb6 7.Bd3 Nbd5 8.c3 Bg4
9.Nxf6+ Nxf6 10.Qg3 Qd7 11.Nf3 Bxf3 12.Qxf3 g6 13.O-O Bg7 14.Re1 O-O 15.Bg5
Rfe8 16.Rad1 Rad8 17.Bc4 Qf5 18.Qxf5 gxf5 19.Rd3 Ne4 20.Bf4 b5 21.Bb3 e5 22.
Bg3 c5 23.Rf3 Nd2 24.Rxf5 c4 25.Bd1 exd4 26.Rxe8+ Rxe8 27.f3 dxc3 28.bxc3 Bxc3
29.Rxb5 Bd4+ 30.Kh1 Nf1 31.Rb1 Nxg3+ 32.hxg3 Re1+ 33.Kh2 Bg1+ 34.Kh3 Bb6 35.f4
Kg7 36.Kg4 Kf6 37.Bc2 Re2 38.Bxh7 Rxa2 39.Rc1 Ra4 40.Kf3 Ra3+ 41.Ke4 Rxg3 42.
Rxc4 Rxg2 43.Kd5 Rd2+ 44.Kc6 Rd8 45.Kb5 Rd5+ 46.Kb4 Rd4 47.Rxd4 Bxd4 48.Bb1
1/2-1/2

[Event "Cto de Aragon  Equipos Cat Preferente"]
[Site "Aragon"]
[Date "2010.01.23"]
[Round "1.19"]
[White "Artal Alegria Francisco Javier"]
[Black "Hernando Garcia Antonio"]
[Result "1-0"]
[WhiteElo "1954"]
[BlackElo "2203"]

1.d4 d5 2.Nf3 Nf6 3.e3 e6 4.Bd3 c5 5.c3 Nbd7 6.Nbd2 b6 7.Qe2 Bb7 8.e4 dxe4 9.
Nxe4 Nxe4 10.Bxe4 Bxe4 11.Qxe4 Be7 12.d5 exd5 13.Qxd5 O-O 14.O-O b5 15.Bg5 Nb6
16.Qxd8 Bxd8 17.b3 Bxg5 18.Nxg5 Rfd8 19.Rfd1 h6 20.Ne4 c4 21.Nd6 a6 22.Rd2
cxb3 23.axb3 Nc8 24.Ne4 Rxd2 25.Nxd2 Nb6 26.c4 bxc4 27.Nxc4 Nxc4 28.bxc4 Kf8
29.Kf1 Ke7 30.Ke2 Kd6 31.Ra5 Kc6 32.Kd3 Kb6 33.Rf5 Ra7 34.Kc3 f6 35.Kb4 Rd7
36.h4 Rd4 37.g3 Rd2 38.g4 Rb2+ 39.Ka3 Re2 40.g5 hxg5 41.h5 Re6 42.Kb4 Kc6 43.
f4 g4 44.Ra5 Kd7 45.f5 Rc6 46.c5 Ke7 47.Ra1 Kf7 48.Rg1 Kg8 49.Rxg4 Kh7 50.Rd4
Rc7 51.Rd6 Kh6 52.c6 Kxh5 53.Kc5 Kg5 54.Rd5 g6 55.Kb6 Rc8 56.Kb7 Rh8 57.fxg6+
Kxg6 58.c7 f5 59.Kxa6 Rc8 60.Kb7 Rh8 61.Rd8 Rh7 62.Kc6 Rxc7+ 63.Kxc7 Kg5 64.
Kd6 Kf4 65.Kd5 Ke3 66.Re8+ Kf4 67.Kd4 Kf3 68.Ke5 f4 69.Rf8 1-0

[Event "Cto de Aragon  Equipos Cat Preferente"]
[Site "Aragon"]
[Date "2010.01.23"]
[Round "1.20"]
[White "Cervera Jimenez Javier"]
[Black "Querol Soro Sergio"]
[Result "1-0"]
[WhiteElo "2095"]
[BlackElo "1950"]

1.Nf3 Nf6 2.g3 g6 3.Bg2 Bg7 4.O-O d5 5.d4 O-O 6.c4 dxc4 7.Na3 Nc6 8.Nxc4 Be6
9.b3 Re8 10.Bb2 Bd5 11.Rc1 Bh6 12.e3 Rc8 13.Qe2 Ne4 14.Nfe5 Nxe5 15.dxe5 c6
16.Rcd1 Qc7 17.f3 Nc5 18.e4 Bxc4 19.Qxc4 b6 20.f4 e6 21.f5 Rcd8 22.b4 Na4 23.
Ba1 b5 24.Qb3 Nb6 25.Rf3 Nc4 26.Rfd3 Rxd3 27.Qxd3 Ne3 28.Re1 Rd8 29.Qb3 1-0

[Event "Cto de Aragon  Equipos Cat Preferente"]
[Site "Aragon"]
[Date "2010.01.23"]
[Round "1.21"]
[White "Garcia Ramon Ricardo"]
[Black "Gracia Campo Carlos Alberto"]
[Result "1/2-1/2"]
[WhiteElo "2084"]
[BlackElo "2095"]

1.c4 Nf6 2.g3 g6 3.Bg2 Bg7 4.e4 d6 5.Ne2 c5 6.O-O Nc6 7.Nbc3 O-O 8.d3 Rb8 9.f4
Bg4 10.h3 Bxe2 11.Nxe2 Qd7 12.Be3 b5 13.Rb1 bxc4 14.dxc4 Qe6 15.Qa4 Rfc8 16.e5
dxe5 17.Bxc5 Nd7 18.Ba3 Nb6 19.Qd1 Rd8 20.Qe1 Nxc4 21.Rc1 Rbc8 22.f5 gxf5 23.
Nf4 exf4 24.Qxe6 fxe6 25.Rxc4 f3 26.Bxf3 Nd4 27.Rxc8 Nxf3+ 28.Rxf3 Rxc8 29.Rb3
Kf7 30.Kf2 Rc7 31.Kf3 e5 32.g4 e6 33.Bd6 Rd7 34.Bc5 e4+ 35.Kf4 Kg6 36.gxf5+
exf5 37.Ra3 Bxb2 38.Ra6+ Bf6 39.Bxa7 Rd3 40.Be3 h6 41.a4 Kf7 42.Kxf5 Rxe3 43.
Rxf6+ Kg7 44.Re6 Rxh3 1/2-1/2

[Event "Cto de Aragon  Equipos Cat Preferente"]
[Site "Aragon"]
[Date "2010.01.23"]
[Round "1.22"]
[White "Veras Sanz Martin Marino"]
[Black "Del Campo Asin Agustin"]
[Result "0-1"]
[WhiteElo "2080"]
[BlackElo "2035"]

1.Nf3 d5 2.g3 e6 3.d4 c5 4.Bg2 Nc6 5.O-O Be7 6.b3 cxd4 7.Bb2 e5 8.Re1 Bc5 9.c3
dxc3 10.Bxc3 f6 11.b4 Bb6 12.b5 Nce7 13.e3 Be6 14.a4 Ba5 15.Qd2 Bxc3 16.Nxc3
Qd7 17.Red1 Rd8 18.a5 Nh6 19.b6 axb6 20.axb6 O-O 21.Ra5 Nf7 22.Ne1 e4 23.Nb5
Ne5 24.Nc7 Nc4 25.Qa2 Nxb6 26.Nxe6 Qxe6 27.Rd4 Nc6 28.Rxe4 Qf7 29.Bh3 Kh8 30.
Rh4 g5 0-1

[Event "Cto de Aragon  Equipos Cat Preferente"]
[Site "Aragon"]
[Date "2010.01.23"]
[Round "1.23"]
[White "Jimenez Fernandez Alejandro"]
[Black "Bailo Remacha Santiago"]
[Result "0-1"]
[WhiteElo "2003"]
[BlackElo "1991"]

1.d4 d5 2.c4 Nf6 3.Nc3 e6 4.cxd5 exd5 5.Qc2 g6 6.Bg5 Bg7 7.e3 c6 8.Bd3 Na6 9.
a3 Qa5 10.Rc1 O-O 11.Qa4 Qb6 12.b4 Re8 13.Nf3 Be6 14.Qc2 Bg4 15.Ne5 Be6 16.O-O
Ne4 17.Na4 Qc7 18.Bf4 g5 19.Bxe4 dxe4 20.Bxg5 f6 21.f4 fxg5 22.f5 Bxe5 23.dxe5
Bd5 24.e6 Qe5 25.Nc5 Nxc5 26.Qxc5 b6 27.Qc2 Rf8 28.g4 h5 29.Qg2 h4 30.Rc2 Kg7
31.Rfc1 Kf6 32.Qe2 a5 33.b5 c5 34.Rd2 Rfd8 35.Rcd1 Rd6 36.Kg2 Rad8 37.Kh3 Bc4
38.Qg2 Rxd2 39.Rxd2 Bf1 0-1

[Event "Cto de Aragon  Equipos Cat Preferente"]
[Site "Aragon"]
[Date "2010.01.23"]
[Round "1.24"]
[White "Requena Munguira Jorge"]
[Black "Castillo Sanjuan Alejandro"]
[Result "1/2-1/2"]
[WhiteElo "1900"]
[BlackElo "1967"]

1.d4 Nf6 2.c4 g6 3.Nc3 Bg7 4.e4 d6 5.Nf3 O-O 6.h3 e5 7.d5 Nbd7 8.Bd3 a5 9.Be3
Nc5 10.Rb1 Nfd7 11.a3 f5 12.b4 Na6 13.Qb3 Nf6 14.Rc1 fxe4 15.Nxe4 Nh5 16.Bg5
Qe8 17.c5 h6 18.Be3 Bf5 19.cxd6 Bxe4 20.Bxe4 cxd6 21.bxa5 Nf6 22.Nd2 Nd7 23.
O-O Nac5 24.Qb5 g5 25.Bb1 Rf6 26.Ne4 Nxe4 27.Bxe4 Nc5 28.Qxe8+ Rxe8 29.Bxc5
dxc5 30.Rxc5 Ra6 31.Rd1 Bf8 32.Rc7 Rd8 33.Rxb7 Rxa5 34.Rb6 Rxa3 35.d6 Ra4 36.
Bf5 Rd4 37.Rxd4 exd4 38.d7 Kf7 39.Kf1 Bg7 40.Rc6 Ke7 41.Re6+ Kf7 42.Rc6 Ke7
43.Ke2 Bf6 44.Kd3 Bg7 45.Ke4 Rf8 46.Re6+ Kf7 47.f4 gxf4 48.Kxf4 Bf6 49.g4 Rd8
50.h4 d3 51.Rd6 Bxh4 52.Rxd3 Bg5+ 53.Ke4 1/2-1/2

[Event "Cto de Aragon  Equipos Cat Preferente"]
[Site "Aragon"]
[Date "2010.01.23"]
[Round "1.25"]
[White "Salamero Pelay Fernando"]
[Black "Laliena Solares Luis M"]
[Result "1-0"]
[WhiteElo "2131"]
[BlackElo "2234"]

1.e4 c6 2.d4 d5 3.Nc3 b5 4.a3 e6 5.Nf3 Be7 6.Bd3 Nf6 7.Qe2 dxe4 8.Nxe4 Nbd7 9.
Neg5 O-O 10.h4 Nb6 11.Nxh7 Re8 12.Nxf6+ Bxf6 13.Qe4 Qd5 14.Bg5 Nd7 15.Qh7+ Kf8
16.Qh8+ Ke7 17.Qxg7 Bb7 18.Ne5 Bxg5 19.Qxf7+ Kd8 20.hxg5 Nxe5 21.Qf6+ Re7 22.
dxe5 Kd7 23.O-O-O Qc5 24.b4 Qc3 25.Bxb5+ Kc7 26.Qxe7+ Kb6 27.Qc5+ 1-0

[Event "Cto de Aragon  Equipos Cat Preferente"]
[Site "Aragon"]
[Date "2010.01.23"]
[Round "1.26"]
[White "Latorre Abad Fernando"]
[Black "Gella Bitrian Diego"]
[Result "0-1"]
[WhiteElo "2067"]
[BlackElo "1950"]

1.e4 c5 2.Nf3 d6 3.d4 Nf6 4.Nc3 cxd4 5.Nxd4 a6 6.Bg5 e6 7.f4 Qc7 8.Qf3 b5 9.
Bd3 Nbd7 10.O-O-O b4 11.Nd5 Qc5 12.Nb3 Qc6 13.Nxb4 Qb7 14.c3 a5 15.Nc2 Rb8 16.
Kd2 a4 17.Na5 Qa8 18.Nc4 Bb7 19.Rhe1 Be7 20.Kc1 O-O 21.Qg3 d5 22.e5 dxc4 23.
exf6 Nxf6 24.Bxc4 Rfc8 25.Bd3 Bd5 26.Bxh7+ Kxh7 27.Rxd5 Qxd5 28.Re5 Qxa2 29.
Nb4 Rxb4 0-1

[Event "Cto de Aragon  Equipos Cat Preferente"]
[Site "Aragon"]
[Date "2010.01.23"]
[Round "1.27"]
[White "Biarge Carnicer Arturo"]
[Black "Cobo Garrido Diego Israel"]
[Result "0-1"]
[WhiteElo "1899"]
[BlackElo "2014"]

1.e4 c5 2.Nf3 Nc6 3.d4 cxd4 4.Nxd4 Nf6 5.Nc3 e5 6.Ndb5 d6 7.Bg5 a6 8.Bxf6 gxf6
9.Na3 b5 10.Nd5 Bg7 11.c3 f5 12.Be2 fxe4 13.Bg4 O-O 14.Bxc8 Rxc8 15.Qe2 f5 16.
g4 Nd4 17.cxd4 exd4 18.O-O Rc5 19.Nf4 d3 20.Qd1 Be5 21.Ne6 Bxh2+ 22.Kxh2 Qh4+
23.Kg2 f4 24.Rg1 f3+ 25.Kf1 e3 26.fxe3 Qh3+ 27.Kf2 Qh2+ 0-1

[Event "Cto de Aragon  Equipos Cat Preferente"]
[Site "Aragon"]
[Date "2010.01.23"]
[Round "1.28"]
[White "Vasilev Vas"]
[Black "Bellosta Lopez Pablo"]
[Result "1/2-1/2"]
[WhiteElo "1933"]
[BlackElo "1892"]

1.d4 d5 2.Nf3 c6 3.Bg5 Qb6 4.Nbd2 h6 5.Bh4 Qxb2 6.e3 e6 7.Bd3 Be7 8.Bg3 Nf6 9.
O-O Nbd7 10.Ne5 Nxe5 11.Bxe5 Qb6 12.Rb1 Qd8 13.f4 b6 14.a4 c5 15.c3 Bd6 16.f5
Qc7 17.Bb5+ Ke7 18.Bxf6+ gxf6 19.fxe6 Bxe6 20.Qf3 f5 21.e4 Bxh2+ 22.Kh1 Qg3
23.exf5 Qh4 24.Qh3 Qg5 25.Nf3 Qxf5 26.Qxf5 Bxf5 27.Rbe1+ Be4 28.Kxh2 Kd6 29.
Nh4 Rh7 30.Nf5+ Kc7 31.Ng3 f5 32.Nxe4 fxe4 33.Rf6 c4 34.Rc6+ Kb7 35.Rd6 a6 36.
Bd7 Kc7 37.Rxd5 Rxd7 38.Rxd7+ Kxd7 39.Rxe4 Re8 40.Rh4 Re6 41.Rh5 Re3 42.Rxh6
Rxc3 43.Rxb6 Rd3 44.Rxa6 c3 45.Ra5 Rxd4 46.Rc5 Rxa4 47.Rxc3 Ke6 48.Rf3 Rh4+
49.Kg3 Rh6 50.Rf8 Rg6+ 51.Kf3 Ke7 52.Rf5 Ke6 53.g4 Rf6 54.Kf4 Rxf5+ 55.gxf5+
Kf6 56.Kg4 Kf7 57.Kg5 Kg7 58.f6+ Kf7 59.Kf5 Kf8 60.Ke6 Ke8 1/2-1/2

[Event "Cto de Aragon  Equipos Cat Preferente"]
[Site "Aragon"]
[Date "2010.01.23"]
[Round "1.34"]
[White "Jario Garcia Ricardo"]
[Black "Yanez Acin Gonzalo"]
[Result "1/2-1/2"]
[WhiteElo "2138"]
[BlackElo "1895"]

1.e4 Nf6 2.e5 Nd5 3.c4 Nb6 4.c5 Nd5 5.d4 d6 6.cxd6 exd6 7.Nf3 dxe5 8.Nxe5 Bb4+
9.Bd2 Bxd2+ 10.Qxd2 O-O 11.Bd3 Nd7 12.Nxd7 Bxd7 13.O-O Be6 14.Nc3 c6 15.Na4
Qc7 16.Rac1 Rad8 17.Nc5 Bc8 18.Rfe1 Rfe8 19.b4 Qf4 20.Qxf4 Nxf4 21.Bc4 Rxe1+
22.Rxe1 Kf8 23.Nb3 Be6 24.Bxe6 Nxe6 25.Rd1 Nc7 26.Nc5 Nb5 27.Nxb7 Rxd4 28.Rxd4
Nxd4 29.Nc5 Ke7 30.f3 Kd6 31.Kf2 Kd5 32.Nd3 1/2-1/2